Kritické myšlení manažerů a leaderů z pohledu možností rozvoje a vzdělávání
Kritické myslenie v teórii a praxi. Rozvoj kritického myslenia v príprave manažérov.
Uložené v:
| Hlavný autor: | |
|---|---|
| Ďalší autori: | , |
| Médium: | Kapitola |
| Jazyk: | Czech |
| Predmet: | |
| Tagy: |
Žiadne tagy, Buďte prvý, kto otaguje tento záznam!
|
MARC
| LEADER | 00000naa a2200000 4500 | ||
|---|---|---|---|
| 001 | 0235030 | ||
| 005 | 20220713130723.5 | ||
| 041 | 0 | |a cze | |
| 044 | |a CZ | ||
| 245 | 1 | 0 | |a Kritické myšlení manažerů a leaderů z pohledu možností rozvoje a vzdělávání |c Eva Ambrozová, Agnieszka Knap-Stefaniuk, David Ullrich |
| 520 | |a Kritické myslenie v teórii a praxi. Rozvoj kritického myslenia v príprave manažérov. | ||
| 610 | 2 | 0 | |a manažment |
| 610 | 2 | 0 | |a manažéri |
| 610 | 2 | 0 | |a vzdelávanie |
| 610 | 2 | 0 | |a zručnosti |
| 610 | 2 | 0 | |a riadenie ľudských zdrojov |
| 610 | 2 | 0 | |a lídri |
| 610 | 2 | 0 | |a myslenie kritické |
| 100 | 1 | |a Ambrozová, Eva | |
| 700 | 1 | |a Knap-Stefaniuk, Agnieszka | |
| 700 | 1 | |a Ullrich, David | |